Statistiques concernant Culture Générale - Série 359

Cliquez ici pour prendre le quiz!

Statistiques générales

  • Ce quiz a été pris 287 fois
  • Le résultat moyen est 6 sur 10

Statistiques - réponses

QuestionRéponse% Correct
Dans la gueule de quel animal se jette-t-on quand on court un danger ?Le loup
99%
Quelle arme complète la tenue des membres de l'Académie française ?L'épée
80%
Que désignent brumaire et messidor dans le calendrier républicain ?Des mois
75%
Lequel de nos billets en euros a le rouge pour couleur dominante ?10 euros
74%
Au basket-ball, quel nom porte l'arrêt de jeu demandé par un entraîneur ?Le temps mort
69%
De quel pays d'Afrique N'Djamena est-elle la capitale ?Le Tchad
67%
A quel humoriste doit-on le sketch "Allô tonton, pourquoi tu tousses" ?Fernand Raynaud
44%
A quel réalisateur de cartoons doit-on le 1er dessin animé avec Bugs Bunny ?Tex Avery
36%
Sur une télécommande, quelle touche a pour symbole une flèche pleine ?Lecture
33%
Quelle célèbre voix radiophonique est celle de l'épouse de Philippe Gildas ?Maryse
22%

Distribution des résultats

Percentile par nombre de réponses

% des personnes avec chaque résultat

Votre développement - résultats

Vous n’avez pas pris ce quiz